Musical Matchmaker Quiz Stats

 Plays Quiz Updated Aug 12, 2019

Support Sporcle.
Go Orange.
Score 0/20 Timer 06:00
1 Play Today
% Correct
Supercalifragilisticexpialidocious
94.5%
Be Our Guest
85.9%
You're The One That I Want
85%
Cell Block Tango
70.5%
Dancing Queen
68.2%
Angel of Music
64.8%
Good Morning Baltimore
63.6%
Defying Gravity
59.6%
Rain in Spain
59.5%
Any Dream Will Do
56.4%
% Correct
Gee, Officer Krupke
54.1%
Tradition
53.3%
It Sucks To Be Me
49.8%
Anything You Can Do
49.7%
One Day More!
49.4%
Getting to Know You
48.8%
La Vie Boheme
45.3%
Sit Down, You're Rockin' the Boat
43.2%
Maybe this Time
28.8%
Last Midnight
22.8%

You're not logged in!

Compare scores with friends on all Sporcle quizzes.
OR
Log In

From the Vault

Greatest Britons

by Derek

We are sorry, but the Spice Girls didn't quite make the cut.
Remove Ads.
Support Sporcle.
Get the best of Sporcle when you Go Orange. This ad-free experience offers more features, more stats, and more fun while also helping to support Sporcle. Thank you for becoming a member.

Show Comments

Extras

Top Quizzes Today


Score Distribution

Your Account Isn't Verified!

In order to create a playlist on Sporcle, you need to verify the email address you used during registration. Go to your Sporcle Settings to finish the process.

Report this User

Report this user for behavior that violates our Community Guidelines.

Details: